Weekly Top Songs Spotify Charts Australia Top 100 (Week of 03/02/2023) - Statistics

General Stats
  • This quiz has been taken 11 times
  • The average score is 15 of 100
Answer Stats
Artist(s) Title % Correct
Harry Styles As It Was
89%
Miley Cyrus Flowers
89%
SZA Kill Bill
67%
Sam Smith / Kim Petras Unholy
56%
Tom Odell Another Love
44%
The Weeknd | The Weeknd / Ariana Grande Die For You
44%
Glass Animals Heat Waves
44%
The Kid LAROI / Justin Bieber STAY
44%
Taylor Swift Anti-Hero
33%
PinkPantheress / Ice Spice Boy's a liar Pt. 2
33%
Harry Styles Golden
33%
JVKE golden hour
33%
OneRepublic I Ain't Worried
33%
The Weeknd Blinding Lights
22%
Imagine Dragons Bones
22%
Harry Styles Cinema
22%
Elton John / Dua Lipa / PNAU Cold Heart
22%
Metro Boomin / The Weeknd / 21 Savage Creepin'
22%
Central Cee Doja
22%
RAYE / 070 Shake Escapism.
22%
Lewis Capaldi Forget Me
22%
George Ezra Green Green Grass
22%
Niall Horan Heaven
22%
David Guetta / Bebe Rexha I'm Good
22%
Harry Styles Late Night Talking
22%
Ed Sheeran Photograph
22%
Harry Styles Satellite
22%
Ed Sheeran Shape of You
22%
Ed Sheeran Shivers
22%
Lewis Capaldi Someone You Loved
22%
Harry Styles Watermelon Sugar
22%
Tiësto / Tate McRae 10:35
11%
Lizzo About Damn Time
11%
Harry Styles Adore You
11%
LF SYSTEM Afraid To Feel
11%
Steve Lacy Bad Habit
11%
Ed Sheeran Bad Habits
11%
Rema / Selena Gomez Calm Down
11%
Ed Sheeran Castle on the Hill
11%
Lizzy McAlpine ceilings
11%
Ed Sheeran Celestial
11%
Harry Styles Daydreaming
11%
Harry Styles Daylight
11%
Dean Lewis How Do I Say Goodbye
11%
Post Malone / Doja Cat I Like You
11%
Lil Uzi Vert Just Wanna Rock
11%
Harry Styles Keep Driving
11%
Morgan Wallen Last Night
11%
Harry Styles Little Freak
11%
Harry Styles Love Of My Life
11%
Harry Styles Matilda
11%
Eminem Mockingbird
11%
The Killers Mr. Brightside
11%
Harry Styles Music For a Sushi Restaurant
11%
Ed Sheeran Perfect
11%
Coi Leray Players
11%
Drake / 21 Savage Rich Flex
11%
Vance Joy Riptide
11%
Harry Styles Sign of the Times
11%
Zach Bryan Something in the Orange
11%
The Weeknd / Daft Punk Starboy
11%
Post Malone / Swae Lee Sunflower
11%
Metro Boomin / Future / Chris Brown Superhero
11%
The Neighbourhood Sweater Weather
11%
Luke Combs The Kind of Love We Make
11%
Ed Sheeran Thinking out Loud
11%
Chris Brown Under The Influence
11%
Stephen Sanchez / Em Beihold Until I Found You
11%
Rihanna / Calvin Harris We Found Love
11%
Lizzo 2 Be Loved
0%
Eliza Rose / Interplanetary Criminal B.O.T.A.
0%
ONEFOUR / CG COMMA'S
0%
Beyoncé CUFF IT
0%
Fred again.. / Delilah Montagu Delilah
0%
Fleetwood Mac Dreams
0%
James Hype / Miggy Dela Rosa Ferrari
0%
d4vd Here With Me
0%
Sam Smith / Calvin Harris / Jessie Reyez I'm Not Here To Make Friends
0%
Harry Styles Kiwi
0%
Central Cee LET GO
0%
The Kid LAROI Love Again
0%
Mac Miller / The Temper Trap Love Lost
0%
Luke Combs Love You Anyway
0%
SZA Low
0%
Meghan Trainor Made You Look
0%
Oliver Tree / Robin Schulz Miss You
0%
J. Cole No Role Modelz
0%
NewJeans OMG
0%
Superstar Pride PAINTING PICTURES
0%
MK / Dom Dolla Rhyme Dust
0%
d4vd Romantic Homicide
0%
Skrillex / Fred again.. / Flowdan Rumble
0%
Flume / MAY-A Say Nothing
0%
SZA Snooze
0%
Nicky Youre / dazy Sunroof
0%
Miguel Sure Thing
0%
Tory Lanez The Color Violet
0%
P!nk TRUSTFALL
0%
Lil Uzi Vert / sped up nightcore / ARIZONATEARS Watch This
0%
No matching quizzes found
Score Distribution
Percent of People with Each Score
Percentile by Number Answered
Your Score History
You have not taken this quiz